Zmeny v zákone o dani z príjmov v roku 2018
Prehľad zmien v zákone o dani z príjmov účinných od roku 2018 a 2019 v ZDP.
Na minha lista:
| Autor principal: | |
|---|---|
| Outros Autores: | |
| Formato: | Capítulo de Livro |
| Idioma: | eslovaco |
| Assuntos: | |
| Tags: |
Sem tags, seja o primeiro a adicionar uma tag!
|
MARC
| LEADER | 00000naa a2200000 4500 | ||
|---|---|---|---|
| 001 | 0240395 | ||
| 005 | 20221104110948.4 | ||
| 041 | 0 | |a slo | |
| 044 | |a SK | ||
| 245 | 1 | 0 | |a Zmeny v zákone o dani z príjmov v roku 2018 |c Peter Horniaček, Viera Mezeiová |
| 520 | |a Prehľad zmien v zákone o dani z príjmov účinných od roku 2018 a 2019 v ZDP. | ||
| 610 | 2 | 0 | |a novelizácia |
| 610 | 2 | 0 | |a Slovensko |
| 610 | 2 | 0 | |a zákony |
| 610 | 2 | 0 | |a dane z príjmov |
| 100 | 1 | |a Horniaček, Peter | |
| 700 | 1 | |a Mezeiová, Viera | |